KOHA-Header-6

Man And The Environment an Introduction To Human Ecology And Evolution (Record no. 2927)

000 -LEADER
fixed length control field 00341nam a2200121Ia 4500
008 - FIXED-LENGTH DATA ELEMENTS--GENERAL INFORMATION
fixed length control field 190902s9999||||xx |||||||||||||| ||und||
020 ## - INTERNATIONAL STANDARD BOOK NUMBER
International Standard Book Number 0-395-95840-7
100 ## - MAIN ENTRY--PERSONAL NAME
Personal name Arthur S. Boughey
245 #0 - TITLE STATEMENT
Title Man And The Environment an Introduction To Human Ecology And Evolution
260 ## - PUBLICATION, DISTRIBUTION, ETC. (IMPRINT)
Place of publication, distribution, etc London
Name of publisher, distributor, etc Prentice Hall
Date of publication, distribution, etc 1971
300 ## - PHYSICAL DESCRIPTION
Extent 472
942 ## - ADDED ENTRY ELEMENTS (KOHA)
Koha item type Books
Holdings
Withdrawn status Lost status Source of classification or shelving scheme Damaged status Not for loan Collection code Permanent Location Current Location Shelving location Date acquired Full call number Barcode Date last seen Price effective from Koha item type
          English Literature MAJU MAJU Shelf No.A15 2019-09-02 301.31 6600 2019-09-02 2019-09-02 English Literature

Powered by Koha